00572 2200229 4500001002100000005001700021008004100038035002400079090001500103100002500118245005100143250001000194260002800204300002500232500001100257650001400268700001100282850001500293980001300308985000600321999001500327YOGYA-0209000006679820090227091924.0 ind  0010-020900000066798 a310bNas M aNASUTION, Andi Hakim aMetode statistikacAndi Hakim Nasution, Barizi aCet.7 aJakartabGramediac1988 a223 hlmbilusc20 cm aIndeks aStatistik aBarizi aYOPDYOG(B) a19-09-08 a1 aP000032166